000 00542nam a22001697a 4500
005 20251108172034.0
008 250721s1987 xx 000 0 ara d
082 1 4 _a526.98/محم
100 1 _aعبد الرحيم، محمود حسني
245 1 0 _aمبادئ المساحة المستوية و الطبوغرافية /
264 1 _aالإسكندرية :
_bمنشأة المعارف،
_c1987.
300 _a442ص
650 1 7 _aالمسح
700 1 _aمصطفى، محمد رشاد الدين
942 _2ddc
_cBK
999 _c68887
_d68887